Normal view
MARC view
- تاريخ الاردن- الاردن
Entry Topical Term
001 - CONTROL NUMBER
- control field: 39570
003 - CONTROL NUMBER IDENTIFIER
- control field: JO-AjAnu
005 - DATE AND TIME OF LATEST TRANSACTION
- control field: 20230606080559.0
008 - FIXED-LENGTH DATA ELEMENTS
- fixed length control field: 230606|| aca||aabn | a|a d
040 ## - CATALOGING SOURCE
- Original cataloging agency: JO-AjAnu
- Transcribing agency: JO-AjAnu
150 ## - HEADING--TOPICAL TERM
- Topical term or geographic name entry element: تاريخ الاردن- الاردن
670 ## - SOURCE DATA FOUND
- Source citation: Work cat.: (JO-AjAnu)20290: العنابي، زهر, author 39569, الأصول وقائع وأحداث: قراءة في الأصول وحسب الأصول، الجزء الثاني